Statistics for Google Maps Cities - Netherlands

Click here to take the quiz!

General Stats

  • This quiz has been taken 41 times
  • The average score is 8 of 9

Answer Stats

Answer% Correct
Amsterdam
100%
Rotterdam
100%
Eindhoven
97%
Groningen
94%
The Hague
91%
Zwolle
77%
Leeuwarden
69%
Alkmaar
66%
Arnhem
66%

Score Distribution

Percentile by Number Answered

Percent of People with Each Score

Your Score History

You have not taken this quiz